Trócolo, el duende de la imprenta / (Registro nro. 9719)

Detalles MARC
000 -LIDER
fixed length control field 00741nam a22002537a 4500
001 - NÚMERO DE CONTROL
Identificador de número de control 0002316
003 - IDENTIFICACDOR DE NÚMERO DE CONTROL
control field DO-SdBNP
005 - DATE AND TIME OF LATEST TRANSACTION
control field 20180222083630.0
007 - CAMPOS FIJOS DE DESCRIPCIÓN FÍSICA
fixed length control field 0002316
008 - ELEMENTOS DE LONGITUD FIJA
fixed length control field 160412b ||||| |||| 00| 0 spa d
020 ## - ISBN
International Standard Book Number 8426321615
040 ## - FUENTE DE CATALOGACIÓN
Enlace BPMSU
Campo enlazado y núm. de secuencia spa
Agencia que crea de manera original el registro BPMSU
Agencia que realiza la transcripción rcd
100 ## - ASIENTO PRINCIPAL -- NOMBRE PERSONAL
Nombre personal Sánchez Vigil, Juan Miguel,
Fechas asociadas con el nombre 1956-.
245 ## - MENCIÓN DE TITULO
Título Trócolo, el duende de la imprenta /
Mención de responsabilidad Juan Miguel Sánchez Vigil ; ilustrado por Kano.
260 ## - PUBLICACIÓN, DISTRIBUCIÓN, ETC. (PIE DE IMPRENTA)
Lugar de publicación, distribución, etc Zaragoza, España
Nombre del editor, distribuidor, etc. ala delta,
Fecha de publicación, distribución, etc 1991
300 ## - DESCRIPCIÓN FÍSICA
Extensión 139 p. :
Otros detalles físicos il. ;
Dimensiones 21 cm.
490 ## - MENCIÓN DE SERIES
Mención de serie Ala Delta
500 ## - NOTA GENERAL
Nota general A partir de los 8 años.
700 ## - ASIENTO SECUNDARIO -- NOMBRE PERSONAL
Término de relación Kano
Mención de responsabilidad il.
830 ## - ASIENTO SECUNDARIO DE SERIE--TÍTULO UNIFORME
Título uniforme Ala Delta
942 ## - ADDED ENTRY ELEMENTS (KOHA)
Source of classification or shelving scheme Dewey Decimal Classification
Koha item type Libros
945 ## - INFORMACIÓN DE PROCESAMIENTO LOCAL
Información de procesamiento local inventariado, 2018 / dg
956 ## - LOCAL ELECTRONIC LOCATION AND ACCESS (OCLC)
Método de acceso VMATEO
Materiales especificados 10
Enlace 20160469
Campo enlazado y núm. de secuencia BPMSU
Nombre de host 0069
Existencias
Withdrawn status Lost status Source of classification or shelving scheme Damaged status Not for loan Home library Current library Date acquired Source of acquisition Total Checkouts Barcode Date last seen Price effective from Koha item type
    Dewey Decimal Classification     Biblioteca Pública Metropolitana Salomé Ureña Biblioteca Pública Metropolitana Salomé Ureña 04/12/2016 FUNDI   BPMSU16040366 04/12/2016 04/12/2016 Libros